[Event "New York Spring IM-C"]
[Site "New York"]
[Date "2022.04.16"]
[Round "4"]
[White "Lee, Justin"]
[Black "Umayan, Vincent"]
[Result "1/2-1/2"]
[WhiteElo "2104"]
[BlackElo "2043"]
[PlyCount "62"]
[EventDate "2022.04.14"]
[EventType "tourn"]
[EventRounds "9"]
[EventCountry "USA"]
[SourceTitle "CBM 207 Extra"]
[Source "ChessBase"]
[SourceDate "2022.05.31"]
[SourceVersion "1"]
[SourceVersionDate "2022.05.31"]
[SourceQuality "1"]

1. d4 Nf6 2. c4 e6 3. Nc3 Bb4 4. f3 c5 5. d5 d6 6. e4 0-0 7. Nge2 exd5 8. cxd5 Nbd7 9. Ng3 Re8 10. Be2 Ne5 11. 0-0 Bd7 12. f4 Ng6 13. f5 Nf8 14. Bg5 h6 15. Bh4 N8h7 16. Qc1 c4 17. Bxc4 Rc8 18. Be2 Qb6+ 19. Kh1 Bxc3 20. bxc3 Nxe4 21. Nxe4 Rxe4 22. Bf2 Qa5 23. Bd3 Re5 24. Bd4 Qxd5 25. Bxe5 dxe5 26. Qc2 Nf6 27. Rfe1 Bc6 28. Rad1 Qc5 29. Qe2 e4 30. Bc4 Qxf5 31. Rf1 Qg5 1/2-1/2

[Event "New York Spring IM-C"]
[Site "New York"]
[Date "2022.04.16"]
[Round "5"]
[White "Umayan, Vincent"]
[Black "Ngo, Bach"]
[Result "0-1"]
[WhiteElo "2043"]
[BlackElo "2332"]
[PlyCount "60"]
[EventDate "2022.04.14"]
[EventType "tourn"]
[EventRounds "9"]
[EventCountry "USA"]
[SourceTitle "CBM 207 Extra"]
[Source "ChessBase"]
[SourceDate "2022.05.31"]
[SourceVersion "1"]
[SourceVersionDate "2022.05.31"]
[SourceQuality "1"]

1. d4 Nf6 2. Nf3 e6 3. c4 d5 4. Nc3 dxc4 5. e3 a6 6. a4 b6 7. Bxc4 Bb7 8. 0-0 Bb4 9. Qe2 0-0 10. Rd1 Nbd7 11. Bd2 Qe7 12. Rac1 Rfd8 13. Be1 h6 14. Bb3 c5 15. Bc2 cxd4 16. exd4 Nd5 17. Qd3 N7f6 18. Bb3 Bd6 19. Nxd5 Nxd5 20. Bxd5 Bxd5 21. Qe3 Qb7 22. Bc3 b5 23. axb5 axb5 24. Ra1 b4 25. Bd2 Rdc8 26. Rxa8 Rxa8 27. Ne1 Ra2 28. Bc1 Qc6 29. f3 Qa4 30. Qd2 Bb3 0-1

[Event "Philadelphia op 11th"]
[Site "Philadelphia"]
[Date "2017.04.15"]
[Round "6"]
[White "Umayan, Vincent"]
[Black "Eswaran, Ashritha"]
[Result "1-0"]
[WhiteElo "1983"]
[BlackElo "2162"]
[PlyCount "97"]
[EventDate "2017.04.12"]
[EventType "swiss"]
[EventRounds "9"]
[EventCountry "USA"]
[SourceTitle "EXT 2018"]
[Source "ChessBase"]
[SourceDate "2017.10.13"]
[SourceVersion "1"]
[SourceVersionDate "2017.10.13"]
[SourceQuality "1"]

1. d4 Nf6 2. Nf3 e6 3. c4 c5 4. d5 exd5 5. cxd5 d6 6. Nc3 g6 7. Nd2 Bg7 8. e4 0-0 9. Be2 Na6 10. 0-0 Nc7 11. a4 b6 12. Nc4 Ba6 13. Bg5 Bxc4 14. Bxc4 Qd7 15. h3 h6 16. Bh4 Rae8 17. Re1 Nh5 18. Qg4 Qxg4 19. hxg4 Bf6 20. gxh5 Bxh4 21. e5 dxe5 22. hxg6 Kg7 23. gxf7 Rxf7 24. g3 Bf6 25. d6 Ne6 26. a5 Rb7 27. Bd5 Rd7 28. axb6 axb6 29. Bc6 Red8 30. Bxd7 Rxd7 31. Ne4 Ng5 32. Nxg5 hxg5 33. Red1 Kf7 34. Ra6 Bd8 35. Kg2 Ke6 36. Kf3 Rxd6 37. Rxd6+ Kxd6 38. Ke4 c4 39. Ra4 b5 40. Ra6+ Kc5 41. Kxe5 b4 42. Ra8 Bb6 43. f4 gxf4 44. gxf4 Kb5 45. Ke4 b3 46. Rc8 Bc5 47. Kd5 Be7 48. Rb8+ Ka6 49. Kxc4 1-0

[Event "Philadelphia op 11th"]
[Site "Philadelphia"]
[Date "2017.04.13"]
[Round "3"]
[White "Betaneli, Aleksandr"]
[Black "Umayan, Vincent"]
[Result "0-1"]
[WhiteElo "2236"]
[BlackElo "1983"]
[PlyCount "118"]
[EventDate "2017.04.12"]
[EventType "swiss"]
[EventRounds "9"]
[EventCountry "USA"]
[SourceTitle "CBM 177 Extra"]
[Source "ChessBase"]
[SourceDate "2017.04.27"]
[SourceVersion "1"]
[SourceVersionDate "2017.04.27"]
[SourceQuality "1"]

1. c4 Nf6 2. g3 e5 3. Bg2 d5 4. cxd5 Nxd5 5. Nc3 Nb6 6. Nf3 Nc6 7. 0-0 Be7 8. d3 0-0 9. Be3 Be6 10. Rc1 Qd7 11. Ne4 f6 12. Nc5 Bxc5 13. Bxc5 Rfd8 14. a3 Nd5 15. Qc2 Rac8 16. b4 b6 17. Be3 Nxe3 18. fxe3 Ne7 19. e4 c5 20. Qb1 c4 21. dxc4 Rxc4 22. Rcd1 Qc7 23. Rxd8+ Qxd8 24. Rd1 Qc7 25. Qd3 Rc3 26. Qd8+ Qxd8 27. Rxd8+ Kf7 28. Rd3 Rc1+ 29. Kf2 Nc6 30. Nd2 Ke7 31. Nf1 Nd4 32. Ne3 Nb5 33. a4 Nd6 34. b5 Ra1 35. Rc3 Kd7 36. Nf5 Bxf5 37. exf5 Rxa4 38. Bc6+ Kd8 39. e4 Nxe4+ 40. Bxe4 Rxe4 41. Ra3 Rd4 42. Rxa7 Rd7 43. Ra2 g6 44. Ra8+ Ke7 45. Rh8 gxf5 46. Rxh7+ Ke6 47. Rh8 Rd5 48. h4 Kf7 49. Rc8 Rxb5 50. Rc7+ Kg6 51. Rc6 Rb2+ 52. Kf1 b5 53. Rb6 b4 54. Kg1 b3 55. Kf1 e4 56. Kg1 e3 57. Kf1 Rf2+ 58. Ke1 b2 59. Kd1 b1Q+ 0-1